Digital SAT Prep, 2024: 3 Practice Tests / (Record no. 615030)

000 -LEADER
fixed length control field 00269nam a22001097a 4500
020 ## - INTERNATIONAL STANDARD BOOK NUMBER
International Standard Book Number 978-0593516898
082 ## - DEWEY DECIMAL CLASSIFICATION NUMBER
Classification number 378.1662
Author Mark DIG
245 ## - TITLE STATEMENT
Title Digital SAT Prep, 2024: 3 Practice Tests /
260 ## - PUBLICATION, DISTRIBUTION, ETC.
Name of publisher, distributor, etc. Princeton Review,
Date of publication, distribution, etc. 2023.
300 ## - PHYSICAL DESCRIPTION
Extent xv,596p. ;
942 ## - ADDED ENTRY ELEMENTS (KOHA)
Source of classification or shelving scheme
Koha item type Book
Holdings
Withdrawn status Lost status Source of classification or shelving scheme Damaged status Not for loan Permanent Location Current Location Shelving location Date acquired Total Checkouts Full call number Barcode Date last seen Price effective from Koha item type
          Central Library (CL) Central Library (CL) Lincoln Corner 10/03/2025   378.1662 DIG LC-479 01/22/2026 10/03/2025 Book
© 2023 Central Library, National University of Sciences and Technology. All Rights Reserved.